00370nam a2200133Ia 4500003000400000005001700004008004100021040001800062041000800080100005600088110001900144245005300163260002000216OSt20230526153029.0211028s2016 xx 000 0 und d cAIMIT LIBRARY aeng aSequeira, Hancil Benedict; Suvaris, Roshan.e141908 aRoshan Suvaris aParabola- employee time sheet management system. aMangalorec2016